| 000 | 00000nam##2200000za#4500 |
| 001 | 9.699223 |
| 003 | CaOODSP |
| 005 | 20210625000301 |
| 007 | cr ||||||||||| |
| 008 | 150407|1983||||xxc|||||o f|0| 0 eng|d |
| 040 | |aCaOODSP|beng |
| 043 | |an-cn--- |
| 086 | 1 |aA53-1698/1983E-PDF |
| 110 | 1 |aCanada.|bAgriculture Canada.|bResearch Branch. |
| 245 | 10|aGround covers and climbing plants / |h[electronic resource]|c[by] Trevor J. Cole. |
| 260 | |aOttawa - Ontario : |bAgriculture Canada. |c1980, reprinted 1983. |
| 300 | |a40p.|bglossary, illus., maps, photographs |
| 500 | |aHistorical publication digitized by Agriculture and Agri-Food Canada. "This publication replaces publication 1017, Woody climbers and ground covers for Canadian gardens."--p. 3 of 40. |
| 590 | |a14-11-Supp|b2014-05-21 |
| 690 | 07|aGardening|2gcpds |
| 690 | 07|aOrnamental plants|2gcpds |
| 690 | 07|aHorticulture|2gcpds |
| 775 | 08|tTapis végétaux et plantes grimpantes / |w(CaOODSP)9.643182 |
| 856 | 40|ahttp://publications.gc.ca|qPDF|s3.2 MB|uhttps://publications.gc.ca/collections/collection_2014/aac-aafc/agrhist/A53-1698-1983-eng.pdf |
| 986 | |a1698 |